Responses for Show #3548 - Wednesday, January 26, 2000

Lee Lassiter game 2.

Contestants

[<< previous game]

Veronica Russell, a costume designer from New Orleans, Louisiana

Leslie McRae, an administrative assistant from Jersey City, New Jersey

Lee Lassiter, a computer programmer from Topeka, Kansas (whose 1-day cash winnings total $11,200)

[next game >>]

Jeopardy! Round responses

THE 1960s
COLORS
WATERY NAMES
"GUN" CONTROL
HYMNS
HERS
    $100 3
Canal

Veronica
    $100 1
Pumpkin

Lee
    $100 23
Billy Ocean

Veronica
    $100 6
Guns N' Roses

Veronica
    $100 9
Easter

Leslie
    $100 19
Fat

Veronica
    $200 16
Silver

Lee
    $200 4
fawn

Veronica
    $1,500 18
Ricki Lake

Lee
    $200 8
"Gunga Din"

Lee
    $200 11
"Rock of Ages"

Veronica
    $200 21
Alanis Morissette

Veronica
    $300 20
Strom Thurmond

Leslie
    $300 2
Green

Leslie
    $300 24
River Phoenix

Veronica
    $300 10
Gunboat diplomacy

Lee
    $300 13
Abide

Veronica
    $300 27
Molly Ringwald

Veronica
    $400 22
(Leslie: Who is Waldheim?)

Dag Hammarskjold

LeeLeslie
    $400 5
Marine

Leslie
    $400 25
Mel Brooks

Veronica
    $400 12
Gunnery sergeant

Lee
    $400 15
Martin Luther

Leslie
    $400 28
(V: What is London?)

Vienna

LeeVeronica
    $500 30
James Whistler

Veronica
    $500 7
Yellow

Veronica
    $500 26
Muddy Waters

Leslie
    $500 14
Gung-ho

Lee
    $500 17
(V: What is "The Good Lord made them all?")

"The Lord God made them all"

LeeVeronica
    $500 29
(V: What are Marks?)

Mark

Veronica
Triple Stumper

Scores at the first commercial break (after clue 16):

Lee Leslie Veronica
$1,700 $1,200 $1,400

Scores at the end of the Jeopardy! Round:

Lee Leslie Veronica
$4,500 $1,600 $1,900

Double Jeopardy! Round responses

AROUND THE U.S.A.
COUNTRY MUSIC LEGENDS
PRESIDENTIAL HUNKS
FEASTS & FESTIVALS
AUTHOR! AUTHOR!
QUASI-RELATED PAIRS
    $200 12
(Alex: You'd better get that one!)

New Orleans

Veronica
    $200 26
Johnny Cash

Veronica
    $200 1
Richard Nixon

Veronica
    $200 2
(V: What is summer?)
(Leslie: What is winter?)
(Lee: What is autumn?)

Hurricane season

LeeLeslieVeronica
Triple Stumper
    $200 5
Anne Rice

Veronica
    $200 17
(Leslie: What is Decker...Slaney?)

Black & Decker

Leslie
Triple Stumper
    $400 13
New Hampshire

Leslie
    $400 27
Tammy Wynette

Lee
    $400 14
Gerald Ford

Veronica
    $400 3
Day of the Dead

Veronica
    $400 6
(Leslie: Who is Jan Kerouac?)

Charles Kuralt

LeeLeslie
    $400 18
Bangors & M*A*S*H

Leslie
    $600 15
New York

Lee
    $600 28
Roger Miller

Leslie
    $600 16
Woodrow Wilson

Leslie
    $600 4
Aloha Festivals

Leslie
    $600 7
(Leslie: Who is Toni McMillan?)
(Lee: Who is Toni Morrison?)

Terry McMillan

LeeLeslieVeronica
    $600 19
(Leslie: What is Thyme &....(ran out of time) Tide?)

Thyme & Tide

LeslieVeronica
    $1,000 22
(V: Don't know.)

"Old Dominion"

Veronica
    $800 29
Hank Williams, Sr.

Triple Stumper
    $800 24
Herbert Hoover

Leslie
    $800 10
Flag

Triple Stumper
    $800 8
Robert James Waller

Veronica
    $800 20
Carr & Driver

Veronica
    $1000 23
New London

Leslie
    $1000 30
(V: Who is Crystal Gayle?)

Kitty Wells

Veronica
Triple Stumper
    $1000 25
(less than a minute to go...)

Rutherford B. Hayes

Triple Stumper
    $1,200 11
(V: What is a passion play?)

He got married

Veronica
    $1000 9
John Berendt

Veronica
    $1000 21
Homer & Jethro

Veronica

Scores at the end of the Double Jeopardy! Round:

Lee Leslie Veronica
$5,100 $4,000 $4,900

[wagering suggestions for these scores]

Final Jeopardy! Round responses

COUNTRIES OF THE WORLD
LeslieWhat is Cuba?
$3,000
VeronicaWhat is the Ukraine?
$4,800
LeeWhat is Switzerland
$5,100
Switzerland

Final scores:

Lee Leslie Veronica
$10,200 $1,000 $100
2-day champion: $21,400 2nd place: Trip to Wyndham Palace Resort & Spa, Walt Disney World, Florida 3rd place: Panasonic 27" TV-VCR-DVD Combo

Game dynamics:

Coryat scores:

Lee Leslie Veronica
$3,800 $4,000 $7,100
13 R
(including 1 DD),
2 W
13 R,
6 W
25 R,
7 W
(including 2 DDs)

Combined Coryat: $14,900

[game clues] [game scores] [suggest correction]

Game tape date: 1999-11-16
The J! Archive is created by fans, for fans. Scraping, republication, monetization, and malicious use prohibited; this site may use cookies and collect identifying information. See terms. The Jeopardy! game show and all elements thereof, including but not limited to copyright and trademark thereto, are the property of Jeopardy Productions, Inc. and are protected under law. This website is not affiliated with, sponsored by, or operated by Jeopardy Productions, Inc. Join the discussion at JBoard.tv.